|
|
|
|
| LEADER |
00746cam a2200193 7i4500 |
| 001 |
0000001450 |
| 005 |
20230110090000.0 |
| 020 |
|
|
|a 9839585649 (pbk.)
|
| 090 |
0 |
0 |
|a QA76.73.B3
|b K74 1992
|
| 100 |
1 |
|
|a Kreutzer, Andrew
|
| 245 |
1 |
0 |
|a Panduan belajar pengaturcaraan BASIC
|c Andrew Kreutzer, Larry Long ; terjemahan Hayati Hassan.
|
| 260 |
|
|
|a Skudai, Johor:
|b UTM,
|c 1992.
|
| 300 |
|
|
|a viii, 195 p.:
|b ill.;
|c 25 cm.
|
| 650 |
0 |
0 |
|a BASIC (Computer program language)
|
| 700 |
0 |
|
|a Hayati Hassan
|
| 700 |
1 |
|
|a Long, Larry
|
| 997 |
|
|
|a Communication, Visual Art & Computing, Faculty
|b Computing, Department
|
| 997 |
|
|
|a Engineering & Life Sciences, Faculty
|b Science & Biotechnology, Department
|
| 999 |
|
|
|a 0000008132
|b BOK
|c OPEN SHELF
|e 1st Floor, Bestari Jaya
|